000 00785nam a2200265Ia 4500
001 Para_3758
003 CHAP
008 220125s1943 xx 000 0 und d
010 _a202193
040 _cCHAP
090 _aPA FOLLETO 978
100 _aHorsfall, William R
_956282
245 _aBiology and control of commonn blister beetles in Arkansas /
_c William R. Horsfall
260 _aFayeteville, Arkansas :
_b Agricultural Experiment Station
300 _a55 p.
440 _aArkansas. Agric. Exp. Sta. Bull,; 436
_9167261
650 _aMeloidae Control de plagas
_9167262
901 _aPA FOLLETO 978
902 _aA
905 _a0000001943 FAY 0000000000 00
910 _a1943
942 _cPARA
942 _cPARA
_d1
999 _c202193
_d202193